| 000 | 00704cam a2200229 a 4500 | ||
|---|---|---|---|
| 001 | 13539 | ||
| 003 | BD-JhCC | ||
| 005 | 20240121121614.0 | ||
| 008 | 980819s1997 xnaa 000 0 eng d | ||
| 035 | _a(BD-JhCC)13539 | ||
| 040 |
_aWCX _cWCX _dBD-JhCC |
||
| 041 | _aeng | ||
| 082 | 0 | 4 |
_a796.325 _221 _bFIV 2022 |
| 110 | 2 | _aAustralian Volleyball Federation. | |
| 245 | 1 | 0 |
_aOfficial volleyball rules 2021-2024 / _cFIVB World Congress. |
| 260 |
_aConcord, N.S.W. : _bThe Federation; _c2022. |
||
| 300 |
_a56 p. : _bill. ; _c28 cm. |
||
| 500 | _a"Approved by the XXVth F.I.V.B. World Congress in Atlanta 1996." | ||
| 650 | 0 |
_aVolleyball _xRules. |
|
| 700 | _aCongress,FIVB World | ||
| 942 |
_2ddc _cBK |
||
| 999 |
_c13539 _d13539 |
||